000 00685nam a2200193 i 4500
001 28175
003 ES-MaACL
005 20250731174541.0
007 t|
008 030116s1958 sp ||||1| spa d
100 1 _aBalcells Gorina, A.
_924868
245 1 3 _aLa clínica y el laboratorio
_b: (interpretación de análisis y pruebas funcionales) /
_cpor Alfonso Balcells-Gorina ; prólogo de M. Soriano Jiménez.
260 _aBarcelona :
_bManuel Marín,
_c[1958] (
_fMarto)
300 _aXVI, 379 p. :
_bil. ;
_c20 cm.
650 0 4 _aAnálisis clínicos.
_99761
700 1 _aSoriano Jiménez, Máximo,
_d1903-1978
_9107395
852 _aES-MaACL
_jC-14866
999 _c28175
_d28175